书目信息 |
| 题名: |
基础化学习题解析
|
|
| 作者: | 张乐华 , 徐春祥 主编 | |
| 分册: | ||
| 出版信息: | 北京 高等教育出版社 2018 |
|
| 页数: | 450页 | |
| 开本: | 23cm | |
| 丛书名: | ||
| 单 册: | ||
| 中图分类: | O6-44 | |
| 科图分类: | ||
| 主题词: | 化学--hua xue--高等学校--题解 | |
| 电子资源: | ||
| ISBN: | 978-7-04-030942-3 | |
| 000 | 01021nam0 2200289 45 | |
| 001 | 012001003059 | |
| 005 | 20191204104050.15 | |
| 010 | @a978-7-04-030942-3@dCNY39.00 | |
| 099 | @aCAL 012014060735 | |
| 100 | @a20140515d2014 em y0chiy50 ea | |
| 101 | 0 | @achi |
| 102 | @aCN@b110000 | |
| 105 | @ay z 000yy | |
| 106 | @ar | |
| 200 | 1 | @a基础化学习题解析@Aji chu hua xue xi ti jie xi@f主编张乐华, 徐春祥 |
| 205 | @a第3版 | |
| 210 | @a北京@c高等教育出版社@d2018 | |
| 215 | @a450页@d23cm | |
| 300 | @a普通高等教育“十一五”国家级规划教材配套参考书 | |
| 330 | @a本书分为化学热力学基础、化学平衡、化学反应速率、氧化还原反应与电极电势、原子结构与元素周期律、配位化合物等十三章,每章由教学基本要求、本章要点和习题解答三部分组成。 | |
| 333 | @a供基础、预防、临床、口腔等医学类专业用 | |
| 606 | 0 | @a化学@Ahua xue@x高等学校@j题解 |
| 690 | @aO6-44@v5 | |
| 701 | 0 | @a张乐华@Azhang le hua@4主编 |
| 701 | 0 | @a徐春祥@Axu chun xiang@4主编 |
| 801 | 0 | @aCN@b北京卓展@c20191020 |
| 905 | @b1210245-8@dO6-44@e1049=3@f4 | |
| 基础化学习题解析/主编张乐华, 徐春祥.-第3版.-北京:高等教育出版社,2018 |
| 450页;23cm |
| 普通高等教育“十一五”国家级规划教材配套参考书.-使用对象:供基础、预防、临床、口腔等医学类专业用 |
| ISBN 978-7-04-030942-3:CNY39.00 |
| 本书分为化学热力学基础、化学平衡、化学反应速率、氧化还原反应与电极电势、原子结构与元素周期律、配位化合物等十三章,每章由教学基本要求、本章要点和习题解答三部分组成。 |
| ● |
| 相关链接 |
|
|
|
|
正题名:基础化学习题解析
索取号:O6-44/1049=3
 
预约/预借
| 序号 | 登录号 | 条形码 | 馆藏地/架位号 | 状态 | 备注 |
| 1 | 1210245 | 212102455 | 第二样本阅览室/ [索取号:O6-44/1049=3] | 在馆 | |
| 2 | 1210246 | 212102464 | 第三借阅区/ [索取号:O6-44/1049=3] | 在馆 | |
| 3 | 1210247 | 212102473 | 第三借阅区/ [索取号:O6-44/1049=3] | 在馆 | |
| 4 | 1210248 | 212102482 | 第三借阅区/ [索取号:O6-44/1049=3] | 在馆 |